| 000 | 00675nam a2200205Ii 4500 | ||
|---|---|---|---|
| 003 | JO-AjNU | ||
| 008 | 230605s9999||||xx |||||||||||||| ||und|| | ||
| 017 | _a1994/8/873 | ||
| 040 |
_aJO-AjNU _bara _erda _cJO-AjNU |
||
| 041 | _aara | ||
| 050 | 1 | 4 | _aQA76.73.B3.M8388 1994 |
| 100 | 3 |
_aحسن ، محمد مصطفى الحاج, _eauthor _931858 |
|
| 245 | 0 | 0 | _aاساسيات علم الحاسوب والبرمجة بلغة كويل بيسك |
| 264 | 3 | 1 | _aعمان:دار الفلاح ، 1994 |
| 300 | _a404ص | ||
| 336 |
_atext _btxt _2rdacontent |
||
| 337 |
_aunmediated _bn _2rdamedia |
||
| 338 |
_avolume _bnc _2rdacarrier |
||
| 650 | 4 |
_aالحاسوب - لغات _931859 |
|
| 999 |
_aA12791 _c16359 _d16359 |
||